[Event "Tilburg Fontys"]
[Site "Tilburg"]
[Date "1997.09.27"]
[Round "1"]
[White "Van Wely, Loek"]
[Black "Kasparov, Garry"]
[Result "0-1"]
[WhiteElo "2655"]
[BlackElo "2820"]
[Annotator "Winants,L"]
[PlyCount "102"]
[EventDate "1997.09.27"]
[EventType "tourn"]
[EventRounds "11"]
[EventCountry "NED"]
[EventCategory "17"]
[SourceTitle "CBM 061"]
[Source "ChessBase"]
[SourceDate "1997.11.23"]
[SourceVersion "1"]
[SourceVersionDate "1997.11.23"]
[SourceQuality "1"]

1. c4 {Une petite surprise car Van Wely préfère généralement entamer les
débats avec le pion Dame.} e5 2. Nc3 Nc6 3. e3 {Le grand-maître néerlandais
avait décidé de quitter les sentiers battus, pour empêcher son prestigieux
adversaire d'étaler ses connaissances théoriques. Malheureusement, ce calcul a
priori raisonnable, l'a entraîné de Charybde en Scylla, car on ne peut
imaginer pire situation, que de devoir affronter le champion du monde en
improvisant.} Nf6 4. a3 {[#]} g6 {[%csl Gd7] La position présente certaines
analogies avec la défense sicilienne. L'une des questions est donc de savoir
si les Noirs devraient opter pour un système ouvert, en avançant le pion en d5,
ou fermé, en jouant uniquement ...d6 Or, а ce stade de la partie, il serait
trop tôt pour se prononcer, et c'est pourquoi Kasparov choisit le dispositif
"caméléon", une méthode de jeu que l'on avait déjà aperçu en 1992, lors du
dernier match Fischer-Spassky.} 5. b4 Bg7 6. Bb2 O-O 7. d3 {Un coup
apparemment anodin, mais qui réduit malgré tout le potentiel du Bf1.} (7. Nf3
$6 e4 8. Ng5 h6 $1 {[%csl Rb2,Ge4]}) (7. Qc2 {était sans doute plus précis.} {
Par exemple, après} Re8 8. Nge2 d5 $6 (8... d6) (8... a6) 9. cxd5 Nxd5 10. Nxd5
Qxd5 11. Nc3 Qd7 (11... Nd4 $2 12. O-O-O $1 $16) 12. Ne4 {[%csl Gc5][%cal
Yf1a6] les Blancs auraient toutes les raisons d'être satisfaits, puisqu'il y a
un avant-poste pour le Cavalier en c5, et que le Fou peut encore aller en c4
ou b5.}) 7... Re8 $1 {[%csl Ye1,Ge8] Un coup intéressant pour diverses raisons:
d'abord, il centralise la Tour, ensuite, il dissimule l'intention de jouer ...
d5, et finalement, le vis-à-vis avec le Roi adverse n'est pas complètement
innocent.} 8. Qc2 {Trop nonchalant.} (8. Nf3) ({ou} 8. Qb3 $5 {étaient
certainement préférables.}) 8... d5 $1 {On ne pourrait rêver de meilleures
circonstances pour effectuer cette percée: le Roi blanc est bloqué au centre
de l'échiquier et la Dame est exposée au sacrifice thématique du Cavalier en
d4.} 9. cxd5 Nxd5 10. Nxd5 {Cet échange favorise encore la mobilisation
ennemie.} (10. Nf3 $5 {aurait donné lieu а quelques variantes amusantes:} a5 $5
(10... Nd4 $5 11. exd4 Nxc3 12. dxe5 Bxe5 13. Nxe5 $1 (13. Be2 $2 Nxe2 14. Bxe5
(14. Nxe5 Nd4 $1 $19) 14... Nd4 $1 $19) 13... Rxe5+ 14. Kd2 {[%cal Yb2e5]} Ne4+
15. Ke1 {[%csl Re4,Re5]} Nc3+ 16. Kd2 $11 {avec répétition des coups.}) 11. b5
Nd4 $1 {très fort maintenant} 12. exd4 Nxc3 13. dxe5 Bxe5 14. Nxe5 Rxe5+ 15.
Kd2 Qg5+ 16. Kxc3 Rc5+ $1 {et les Noirs gagnent.}) ({Ainsi,} 10. Be2 {
représentait sans doute la suite adéquate.}) 10... Qxd5 11. Ne2 (11. Nf3 a5)
11... f5 $1 {Une excellente réaction. Kasparov projette de reculer sa Dame en
f7, pour continuer ensuite par ...Be6 et prendre le contrôle de la diagonale
e6-a2. Plus tard, cette batterie lui permettra d'attaquer la case faible en b3.
} 12. Nc3 Qf7 {[%csl Gb3][%cal Yc8e6,Ye6b3]} 13. Na4 {[%csl Gc5,Re1][%cal
Ya4c5] En route vers c5.} ({Il était pourtant grand temps de songer а mettre
le Roi а l'abri via} 13. Be2 $142 {[%cal Ye1g1]}) 13... Be6 14. Nc5 Bd5 {
[%csl Yf1,Rg2][%cal Gd5g2]} 15. b5 (15. e4) ({ou} 15. Nxb7 {étaient contrés de
la même façon.}) 15... Nd4 $3 {[%csl Re1,Ge8] [#] Un sacrifice typique, mais
toujours admirable. Le bond du Cavalier permet d'ouvrir les lignes pour
exploiter la position centrale du Roi blanc.} 16. exd4 exd4+ 17. Be2 $8 (17.
Kd1 {était simplement réfuté par} b6 {suivi éventuellement de ...Bb3}) ({
ou de ...Bh6, après} 17. Kd2) 17... Bxg2 {[%csl Re2,Rh1][%cal Yg2f3,Yg2h1]
Menaçant а la fois 18...Bxh1 et 18...Bf3.} 18. O-O-O $8 Bxh1 19. Rxh1 Qd5 $1 {
[%csl Rc5,Re2,Rh1] Attaquant la Rh1 et le Nc5.} 20. Re1 $8 {Encore forcé} ({si
} 20. Rg1 $2 Rxe2 $1 $19) 20... Re5 $1 {[%csl Rb5,Rc5][%cal Ya8e8] C'est sur
ce coup, qui accélère l'intervention de la Ra8, que reposait l'idée du
sacrifice.} 21. Qb3 {Cherchant le salut dans les simplifications.} ({Sur} 21.
Nb3 {le plus simple serait apparemment} Re7 {avec deux possibilités:} 22. a4 (
22. Qc5 Qxc5+ 23. Nxc5 Re5 24. Nb3 (24. Bxd4 Rxe2) 24... Rae8 {revenant а la
partie}) 22... Rae8 {[%csl Yc2,Ye1,Re2,Ge7,Ge8] et les Noirs pourront
manoeuvrer а leur guise pour exploiter le clouage du Be2 (...c6, ...Qg2, ...
Bf6-h4).}) 21... Qxb3 22. Nxb3 Rae8 $1 23. Kd1 (23. Nxd4 R5e7 24. Kd2 Rd7 $19)
23... Rxb5 24. Bf3 Rxe1+ 25. Kxe1 c6 ({Evidemment pas} 25... Rxb3 $4 26. Bd5+)
26. Bd1 {[#]} a5 $1 {[%csl Rb2,Rb3][%cal Ya5a4] Une décision instructive.} ({
Il était possible de conserver un avantage matériel important avec} 26... Rd5 {
mais après} 27. Nd2 Rd7 28. Bb3+ Kf8 29. Nf3 Bf6 30. a4 {il aurait été
difficile de vaincre la résistance adverse sur les cases blanches. C'est
pourquoi Kasparov préfère abandonner le pion d4 et se débarrasser en même
temps du mauvais Fou en g7.}) 27. Bxd4 a4 28. Bxg7 Kxg7 29. Nd2 Re5+ 30. Be2 b5
{[%csl Ra3,Rd3,Rf2,Rh2] La tâche des Blancs est désespérée. D'une part, les
fantassins ennemis sont trop nombreux, et de l'autre, leurs propres pions sont
tous isolés et vulnérables.} 31. Kd1 Rd5 {Pour paralyser une pièce blanche а
la défense du pion d3.} 32. Kc2 g5 33. Bf3 Rd6 {Un poste d'observation idéal:
la Tour défend le pion c6, assiège la colonne -d- et observe la 6e rangée pour
menacer le fantassin h2 via h6.} 34. h3 Kg6 35. Nb1 h5 {Les Noirs auront
bientôt un passé des deux côtés de l'échiquier.} 36. Nc3 g4 37. Bg2 Kf6 38.
hxg4 hxg4 39. d4 Kg5 {[%cal Yd6h6,Yh6h2] Menaçant ...Rh6 suivi de ...Rh2} 40.
Kd3 Rh6 41. Ke2 f4 42. Be4 Rh3 $1 {Pour attirer le Roi blanc en d2 et investir
la seconde rangée, avec gain de temps.} 43. Kd2 Rh2 44. Ke1 ({Ou bien:} 44.
Bxc6 Rxf2+ 45. Kd3 Rb2 46. d5 f3 47. d6 f2 48. Ne4+ ({si} 48. Bg2 Kf6 $19 {
suivi de ...b4}) 48... Kh4 ({non pas} 48... Kg6 $2 49. Be8+ Kg7 50. Nxf2) 49.
Nxf2 Rxf2 50. d7 Rf8 {Avec un gain relativement aisé.} {Par exemple,} 51. Kc3 (
51. Kd4 b4 52. axb4 g3 53. b5 Rd8 54. b6 Rxd7+) 51... g3 52. Kb4 Rd8 53. Kxb5
Rxd7 54. Kxa4 Rd2 55. Kb5 (55. Kb4 Rb2+ 56. Kc3 g2 57. Bxg2 Rxg2 58. a4 Rg4 $1
59. Kb3 Kg5 60. a5 Kf5 61. a6 Rg6 62. a7 Ra6) 55... Rb2+ $1 56. Ka5 Kh3 57. a4
g2 58. Bxg2+ Kxg2 59. Ka6 Kf3 60. a5 Ke4 61. Ka7 Kd5 62. a6 Kc6 63. Ka8 Ra2 64.
a7 Rd2 65. Kb8 Rd8#) 44... g3 45. fxg3 fxg3 46. Kf1 ({Si} 46. Bxc6 Rc2 47. Ne4+
Kf4 {suivi de 48...Rxc6 ou 48...Rc1+ et 49...g2}) 46... Rf2+ 47. Kg1 b4 $1 48.
axb4 a3 49. d5 {[#] Il semblerait que les Blancs aient encore quelques chances
de nullité. Mais les apparences sont trompeuses.} Kf4 $1 {Ce joli coup met
effectivement fin aux illusions.} ({Plus faible était} 49... a2 50. Nxa2 Rxa2
51. dxc6 $17) 50. Bg6 ({Ou bien:} 50. dxc6 a2 51. Nxa2 Kxe4 $1 {la pointe} 52.
Nc3+ (52. c7 Rc2) 52... Kf3 {et le mat est imminent.}) (50. Bg2 a2 (50... Rc2
51. dxc6 Rc1+ 52. Bf1 Rxc3 {serait très bon aussi.}) 51. Nxa2 Rxa2 52. dxc6
Ra1+ 53. Bf1 Kf3 54. c7 g2) 50... cxd5 51. Nxd5+ Kg5 {et les Blancs
abandonnèrent.} (51... Kg5 {Si} 52. Bb1 Rb2 53. Nc3 Rxb1+ $1 54. Nxb1 a2 {
et le pion va а Dame.}) 0-1